<?xml version="1.0" encoding="UTF-8"?><?xml-stylesheet type="text/xsl" href="static/style.xsl"?><OAI-PMH xmlns="http://www.openarchives.org/OAI/2.0/" xmlns:xsi="http://www.w3.org/2001/XMLSchema-instance" xsi:schemaLocation="http://www.openarchives.org/OAI/2.0/ http://www.openarchives.org/OAI/2.0/OAI-PMH.xsd"><responseDate>2026-04-29T02:37:57Z</responseDate><request verb="GetRecord" identifier="oai:repisalud.isciii.es:20.500.12105/20398" metadataPrefix="marc">https://repisalud.isciii.es/rest/oai/request</request><GetRecord><record><header><identifier>oai:repisalud.isciii.es:20.500.12105/20398</identifier><datestamp>2024-07-11T09:07:30Z</datestamp><setSpec>com_20.500.12105_15322</setSpec><setSpec>com_20.500.12105_2051</setSpec><setSpec>col_20.500.12105_16967</setSpec></header><metadata><record xmlns="http://www.loc.gov/MARC21/slim" xmlns:dcterms="http://purl.org/dc/terms/" xmlns:doc="http://www.lyncode.com/xoai" xmlns:xsi="http://www.w3.org/2001/XMLSchema-instance" xsi:schemaLocation="http://www.loc.gov/MARC21/slim http://www.loc.gov/standards/marcxml/schema/MARC21slim.xsd">
   <leader>00925njm 22002777a 4500</leader>
   <datafield ind2=" " ind1=" " tag="042">
      <subfield code="a">dc</subfield>
   </datafield>
   <datafield ind2=" " ind1=" " tag="720">
      <subfield code="a">Bonin-Font, Francisco</subfield>
      <subfield code="e">author</subfield>
   </datafield>
   <datafield ind2=" " ind1=" " tag="720">
      <subfield code="a">Burguera, Antoni</subfield>
      <subfield code="e">author</subfield>
   </datafield>
   <datafield ind2=" " ind1=" " tag="720">
      <subfield code="a">Lisani, Jose-Luis</subfield>
      <subfield code="e">author</subfield>
   </datafield>
   <datafield ind2=" " ind1=" " tag="260">
      <subfield code="c">2017</subfield>
   </datafield>
   <datafield ind2=" " ind1=" " tag="520">
      <subfield code="a">Controlling and quantifying the presence of Posidonia Oceanica (P.O.) in the Mediterranean sea is crucial for the conservation of these endemic ecosystems and to underscore the negative impact of many anthropogenic activities. These activities, which include uncontrolled leisure anchoring or illegal drag fishing, directly affect the tourism and fishing industries. Nowadays, the control and quantification of P.O. is done by divers, in a slow and imprecise process achieved in successive missions of a duration limited by the capacity of the oxygen scuba tanks. This paper proposes the application of robotic and computer vision technologies to upgrade the current P.O. control methods, building large scale coverage maps using the imagery provided by an autonomous underwater vehicle endowed with a bottom-looking camera. The process includes four main steps: 1) training a classifier based on two different Gabor filter image patch descriptors and a support vector machine; 2) detecting P.O. autonomously, both on-line and off-line, in each individual image; 3) color photo-mosaicking the area explored by the vehicle to obtain a global view of the meadow structure; these mosaics are extremely useful to analyze the structure and extension of the meadow and to calculate some of the biological descriptors needed to diagnose its state; and 4) building a binary coverage map in which the classification results of areas with image overlap are fused according to four different strategies. The experiments, performed in coastal areas of Mallorca and Girona, evaluate and compare the proposed descriptors and fusion techniques, showing, in some cases, accuracies and precisions above 90% in the detection of different patterns of P.O., from video sequences at different locations, in different seasons and with different environmental conditions.</subfield>
   </datafield>
   <datafield ind1="8" ind2=" " tag="024">
      <subfield code="a">Bonnin Pascual F, Burguera A, Lisani JL. Visual Discrimination and Large Area Mapping of Posidonia Oceanica Using a Lightweight AUV. IEEE Access. 2017;5:24479-94.</subfield>
   </datafield>
   <datafield ind1="8" ind2=" " tag="024">
      <subfield code="a">2169-3536</subfield>
   </datafield>
   <datafield ind1="8" ind2=" " tag="024">
      <subfield code="a">http://hdl.handle.net/20.500.13003/10015</subfield>
   </datafield>
   <datafield ind1="8" ind2=" " tag="024">
      <subfield code="a">http://hdl.handle.net/20.500.12105/20398</subfield>
   </datafield>
   <datafield ind1="8" ind2=" " tag="024">
      <subfield code="a">10.1109/ACCESS.2017.2764998</subfield>
   </datafield>
   <datafield ind1="8" ind2=" " tag="024">
      <subfield code="a">IEEE Access</subfield>
   </datafield>
   <datafield ind1="8" ind2=" " tag="024">
      <subfield code="a">2-s2.0-85032696042</subfield>
   </datafield>
   <datafield ind1="8" ind2=" " tag="024">
      <subfield code="a">417742800042</subfield>
   </datafield>
   <datafield tag="653" ind2=" " ind1=" ">
      <subfield code="a">Posidonia Oceanica</subfield>
   </datafield>
   <datafield tag="653" ind2=" " ind1=" ">
      <subfield code="a">Gabor filters</subfield>
   </datafield>
   <datafield tag="653" ind2=" " ind1=" ">
      <subfield code="a">Machine learning</subfield>
   </datafield>
   <datafield tag="653" ind2=" " ind1=" ">
      <subfield code="a">Photo-mosaicing</subfield>
   </datafield>
   <datafield tag="653" ind2=" " ind1=" ">
      <subfield code="a">Autonomous</subfield>
   </datafield>
   <datafield tag="653" ind2=" " ind1=" ">
      <subfield code="a">Underwater vehicles</subfield>
   </datafield>
   <datafield ind2="0" ind1="0" tag="245">
      <subfield code="a">Visual Discrimination and Large Area Mapping of Posidonia Oceanica Using a Lightweight AUV</subfield>
   </datafield>
</record></metadata></record></GetRecord></OAI-PMH>